| 000 | 01112cad a22002295a 4500 | ||
|---|---|---|---|
| 001 | L157273 | ||
| 008 | 121009s2012 xxko f 000 0 eng d | ||
| 035 | _a(Sirsi) u157273 | ||
| 041 | 0 | _aeng | |
| 110 | 1 |
_aNHBC Foundation _94948 |
|
| 245 | 0 | 4 |
_aThe use of recycled and secondary materials in residential constructions _h[electronic resource] |
| 260 |
_aMilton Keynes _bNHBC Foundation _c2012 |
||
| 490 | 0 |
_aNF _v45 |
|
| 520 | _aThis guide describes how to source, correctly specify and use secondary and recycled materials in residential construction (illustrated by case studies and examples). It also provides key information on how to avoid incorrect use (and consequent unsatisfactory performance) of recycled and secondary material. | ||
| 521 | 2 | _aAdvanced | |
| 590 | _aKA NTK | ||
| 651 | 4 |
_aUnited Kingdom _y |
|
| 690 |
_aConstruction management _96230 |
||
| 690 |
_aResidential property _96266 |
||
| 856 | 4 | 0 |
_uhttps://www.nhbcfoundation.org/Researchpublications/TheuseofrecycledandsecondarymaterialsNF45.aspx _zLogin or register to view the report (PDF file) at www.nhbcfoundation.org |
| 942 | _n0 | ||
| 999 |
_c114692 _d114692 |
||